Verejné výdavky na sociálnu ochranu rodinnej politiky v krajinách V4

Porovnanie verejných výdavkov na vybrané parametre sociálnej ochrany v oblasti rodinnej politiky v krajinách V4.

Salvato in:
Dettagli Bibliografici
Autore principale: Buleca, Ján
Natura: Capitolo di libro
Lingua:slovacco
Soggetti:
Tags: Aggiungi Tag
Nessun Tag, puoi essere il primo ad aggiungerne!!

MARC

LEADER 00000naa a2200000 4500
001 0198403
005 20231211131809.3
041 0 |a slo 
044 |a SK 
245 1 0 |a Verejné výdavky na sociálnu ochranu rodinnej politiky v krajinách V4  |c Ján Buleca 
520 |a Porovnanie verejných výdavkov na vybrané parametre sociálnej ochrany v oblasti rodinnej politiky v krajinách V4. 
610 2 0 |a politika sociálna 
610 2 0 |a výdavky na potreby sociálne 
610 2 0 |a politika rodinná 
610 2 0 |a prídavky na deti 
610 2 0 |a Vyšehradská štvorka 
610 2 0 |a analýza komparatívna 
100 1 |a Buleca, Ján